000 00988nam a2200289 i 4500
001 000011315
003 DO-SdBNP
005 20241203112901.0
007 ta
008 091016s1986 dr a 000 p spa d
040 _aDO-SdBNP
_bspa
_cBNPHU
_erda
082 4 _aRD861.44
_bT266p
_222
100 1 _aTejada, Josemón,
_d1959
_eautor
_4aut.
_926911
245 1 0 _aPara la humanitud :
_b(poemas) /
_cJosemón Tejada.
264 4 _aSanto Domingo :
_bBiblioteca Nacional Pedro Henríquez Ureña (BNPHU),
_c© 1986.
300 _a58 páginas :
_bilustraciones ;
_c21 cm.
336 _atexto
_btxt
_2rdacontent
337 _asin mediación
_bn
_2rdamedia
338 _avolumen
_bnc
_2rdacarrier
490 0 _aColección Orfeo
500 _aIncluye datos biográficos del autor en la contracubierta
590 _aInventariado, 2022/MFF
650 7 _aPoesía dominicana
_966
_2LEMB
650 7 _aLiteratura dominicana.
_967
_2LEMB
910 _aValidado. Control de calidad MFF
942 _2ddc
_cLBS1
999 _c11022
_d11022